Bad Bear Jokes Quiz Stats

 Plays Quiz Updated Feb 21, 2018

Also try: Bad Dad Jokes!
Challenge
Share
Tweet
Embed
Score 0/20 Timer 06:00
3 Plays Today
% Correct
Because they’re always stuffed.
92.7%
By pressing the “paws” button.
92.5%
Because they’re in black and white.
92.1%
A drizzly bear.
90.8%
When it’s in a grizzly mood.
90.6%
ICE-osceles triangle.
90.4%
Because they would look silly in ski jackets.
90.2%
An ice breaker.
88.6%
A bear-faced lyre.
87.5%
Because they can't catch it.
85.5%
% Correct
Winnie the Pee-yoo.
85.5%
Pan-duh.
84.5%
A gummy bear.
84.3%
B.
81.1%
The dentist!
81%
Mmmm, Hot Pockets…
80.5%
Brrrrrritos.
79.2%
Lost.
77.4%
Peter Panda.
76.7%
They live on ice.
74.8%

You're not logged in!

Compare scores with friends on all Sporcle quizzes.
Join for Free
OR
Log In

You Might Also Like...

Show Comments

Extras

Top Quizzes Today


Score Distribution

Your Account Isn't Verified!

In order to create a playlist on Sporcle, you need to verify the email address you used during registration. Go to your Sporcle Settings to finish the process.

Report this User

Report this user for behavior that violates our Community Guidelines.

Details: